| 000 | 01181naa a22002897a 4500 | ||
|---|---|---|---|
| 001 | BR6800164 | ||
| 003 | BR-BrBNA | ||
| 005 | 20240918173319.0 | ||
| 007 | ta | ||
| 008 | 230509b bl.||||| |||| 00| 0 por d | ||
| 040 |
_aBR-BrBNA _bpor _cBiblioteca Nacional de Agricultura |
||
| 041 | _a(Pt) | ||
| 072 |
_aL73 _b8100 _bG514 |
||
| 090 | _aL73 BR6800164 | ||
| 100 | 1 | _aSantos, C.A.M.L. dos | |
| 100 | 1 | _aValle, E.P. do | |
| 111 | 1 |
_a8. Reuniao Nacional de Tecnicos em Pesquisas sobre Pesca _cRio de Janeiro, GB (Brazil) _d7 Oct 1968 |
|
| 245 | 1 | _aIncidencia de Chloromyzum rosembushi, gelormini no tecido intramuscular de merluza (Merluccius hubbsi, Marini)[Parasito; Peixe; Brasil] | |
| 260 | 3 |
_aRio de Janeiro, GB (Brasil): _c1968. |
|
| 500 | _a8. Reuniao Nacional de Tecnicos em Pesquisas sobre Pesca. Documento final Rio de Janeiro, GB (Brasil): 1968. vp. (BR6800164-AM)L73 | ||
| 650 | _aDoenca animal | ||
| 650 | _aPeixe | ||
| 650 | _aParasito de animal | ||
| 773 | 0 |
_t8. Reuniao Nacional de Tecnicos em Pesquisas sobre Pesca. Documento final _wL73 BR6800164 _gRio de Janeiro, GB (Brasil), 1968. vp. |
|
| 909 |
_a202404 _bLucia _c55 _dLucia Elande |
||
| 942 |
_cAM _2AGRIS |
||
| 999 |
_c303925 _d303925 |
||